[Event "Boardwalk Pearson IM 2020"]
[Site "Port Elizabeth"]
[Date "2020.03.13"]
[Round "4.3"]
[White "Fernandes, Antonio"]
[Black "Oatlhotse, Providence"]
[Result "1-0"]
[WhiteElo "2353"]
[BlackElo "2201"]
[Annotator "TA"]
[PlyCount "75"]
[EventDate "2020.03.11"]
[EventType "tourn"]
[EventCountry "RSA"]
[SourceTitle "playchess.com"]
[Source "ChessBase"]
[SourceQuality "1"]

{[%evp 9,75,35,32,10,48,35,32,52,61,59,71,64,68,46,60,61,52,62,70,61,69,37,75,26,62,45,109,67,60,51,62,26,62,71,86,89,106,97,105,73,320,320,620,613,622,601,604,592,735,675,641,674,831,825,805,809,936,912,940,939,936,929,1028,980,995,986,1171,1198]} 1. e4 c6 2. d4 d5 3. f3 Nf6 4. e5 Ng8 {[#]} 5. c4 $146 ({Predecessor:} 5. c3 Bf5 6. g4 Bxb1 7. Rxb1 e6 8. Be3 h5 9. Bd3 Nd7 10. Kf1 g6 11. Kg2 Bh6 {1-0 (28) Timofeev,A (2664)-Bistric,F (2382) Neum 2008}) 5... e6 6. Nc3 {B12: Caro-Kann: Advance Variation.} Ne7 7. Be3 Nf5 8. Bf2 {White is slightly better.} dxc4 9. Bxc4 Nd7 {[%cal Bb8d7,Bd7b6,Bb6d5][%mdl 32]} 10. Nge2 Be7 11. Qc2 Nb6 12. Bd3 Nd5 13. Qd2 O-O 14. O-O b6 15. Rac1 Bb7 16. Ne4 Rc8 17. a3 a5 (17... Rc7 $14) 18. Rfd1 Rc7 19. N2c3 Rd7 20. Kh1 Kh8 21. Nxd5 Rxd5 22. Nc3 {[%cal Be4c3,Bc3e2,Be2g3,Bg3f1][%mdl 32]} Rd7 {[#]} 23. d5 $1 cxd5 {[#]} 24. Bb5 $1 $36 {[%mdl 2048] White is on the roll.} Rc7 $2 {Loses the game.} (24... Bc8 $16) 25. Bxb6 $18 {[%mdl 64] Double Attack} Bc5 $2 (25... d4) 26. Bxc7 {White is clearly winning.} Qh4 {[%csl Gh4][%cal Rf5g3]} 27. Ne2 Be3 28. Qd3 g5 29. Bxa5 g4 {Threatens to win with ...gxf3.} 30. Be1 g3 31. Nxg3 Bf4 32. Nf1 Qg5 33. Bd2 Rg8 34. g3 Bxd2 35. Qxd2 Qh5 36. Qf2 d4 37. Bc6 Ba6 38. g4 {[%mdl 64] Double Attack. Accuracy: White = 82%, Black = 46%.} 1-0

[Event "Boardwalk Pearson IM 2020"]
[Site "Port Elizabeth"]
[Date "2020.03.14"]
[Round "5.1"]
[White "Munenga, Douglas D"]
[Black "Fernandes, Antonio"]
[Result "0-1"]
[WhiteElo "2357"]
[BlackElo "2353"]
[Annotator "TA"]
[PlyCount "190"]
[EventDate "2020.03.11"]
[EventType "tourn"]
[EventCountry "RSA"]
[SourceTitle "playchess.com"]
[Source "ChessBase"]
[SourceQuality "1"]

{[%evp 13,190,30,30,-12,-7,-21,0,-17,-2,-13,-6,-4,28,0,0,0,0,0,0,-19,22,-39,0,-61,-61,-55,-49,-81,0,-17,-10,-8,0,-36,-60,-58,-64,-70,-41,-40,-46,-60,-43,-38,-29,-85,-71,-81,-53,-49,-40,-91,-85,-79,-83,-77,-72,-79,-54,-54,-26,-60,-26,-42,-33,-33,-29,-52,-64,-69,-16,-8,-8,-43,-43,-49,0,0,0,0,23,23,25,25,12,0,0,0,0,0,0,0,0,0,0,-227,-227,-598,-22,-30,-36,-29963,-29965,-5065,0,0,0,0,0,0,0,0,0,0,0,0,0,0,0,0,0,0,0,0,0,0,0,0,0,0,0,0,0,0,0,0,0,0,0,0,0,0,0,0,0,0,0,0,0,0,0,0,0,0,0,0,0,0,0,0,0,0,0,0,0,0,0,0,0,0,0,-29983,-29984,-29985,-29986,-29988,-29989,-29994,-29992]} 1. e4 Nf6 2. e5 Nd5 3. d4 d6 4. Nf3 Bg4 5. h3 Bxf3 6. Qxf3 dxe5 7. dxe5 e6 8. c3 {B05: Alekhine's Defence: 4 Nf3 Bg4.} Nd7 9. Qg3 {[#]} h5 $146 ({Predecessor:} 9... Ne7 10. Nd2 Nf5 11. Qf4 g5 12. Qa4 c6 13. Ne4 Nc5 14. Qc4 Nxe4 15. Qxe4 h6 {1-0 (28) Nikitenko,M (2416)-Svjatocho,A (2048) Minsk 2015}) 10. h4 $1 {The position is equal.} Ne7 11. Bg5 Nf5 12. Qf3 Qb8 13. Bf4 (13. Nd2 {seems wilder.} Nxe5 14. Qe2 Bd6 15. Ne4 a5 16. g3) 13... c6 14. Qe2 Qc7 15. Nd2 O-O-O 16. O-O-O Nb6 17. Nf3 (17. g3 $11) 17... Bc5 {White should prevent ...Rxd1+.} 18. Bg5 (18. Rxd8+ $11 Rxd8 19. g3) 18... Rxd1+ $15 19. Kxd1 Nd5 $1 20. Qc2 Qb6 ({Better is} 20... f6 $17 21. Bc1 fxe5) 21. Ke1 $11 f6 22. Bc1 Rf8 23. b4 Be7 24. a3 fxe5 25. Bd3 g6 26. c4 Nf4 27. Bxf4 exf4 28. c5 Qd8 29. Bc4 (29. Be4 $11 {remains equal.}) 29... Kb8 {[%cal Re7h4]} 30. Qe4 Bf6 {[%cal Rf5h4]} 31. Qxf4+ Ka8 32. Ke2 ({White should play} 32. Qe4 $15) 32... Nd4+ 33. Kf1 Nxf3 34. gxf3 Bb2 35. Qe3 Qf6 36. Rh3 e5 37. Kg2 Qd8 38. b5 cxb5 39. Bxb5 Bd4 40. Qe4 Bxc5 41. Rg3 Qb6 (41... Qd2 $15 42. Qe2 Qxe2 43. Bxe2 Bxa3 44. Rxg6 a5) 42. a4 Rf6 43. Rg5 a6 44. Bd3 Qb2 45. Qe2 $1 {[%cal Re2b2]} Qd4 46. Rxe5 Ka7 47. Qe3 Rd6 48. Rxc5 Qxd3 49. Rc3+ (49. Kg3 {is more complex.} Qxe3 50. fxe3 b5 51. a5 Kb7 52. e4) 49... Qxe3 50. fxe3 {[%mdl 4096] Endgame KR-KR} b5 51. axb5 axb5 52. e4 Kb6 53. Kg3 b4 54. Rc8 $2 (54. Rc1 $11) 54... Kb5 55. e5 $2 (55. Rc1 {was the crucial defense.}) 55... Rb6 $2 ({Black should try} 55... Rc6 $19 56. Ra8 b3) 56. Rc1 b3 {Strongly threatening ...b2.} 57. f4 $2 {[%mdl 8192]} (57. Kf4 $15) 57... b2 58. Rb1 Kc6 $2 (58... Kc4 $19 59. f5 gxf5) 59. f5 $1 gxf5 60. Kf4 Kd7 {White must now prevent ...Ke6.} 61. Kxf5 Rb4 62. Kg5 Ke6 63. Kxh5 Kf5 {[#]} 64. e6 $1 {[%mdl 512]} Rb8 {[%cal Rb8h8]} (64... Kxe6 65. Kg6) 65. Kh6 Kxe6 {aiming for ...Kf5.} 66. h5 Kf6 {[%cal Rb8h8]} 67. Rf1+ Ke5 68. Rb1 $1 Kf5 {...Rb6+ is the strong threat.} 69. Rf1+ $1 Kg4 70. Rg1+ Kh4 71. Rh1+ Kg4 72. Rg1+ $1 Kf4 73. Rf1+ Ke5 74. Rb1 Rb6+ 75. Kg5 Rb3 76. Kh6 Kf5 {Hoping for ...Rb6+.} 77. Rf1+ $1 Kg4 78. Rg1+ Kh4 79. Rh1+ Kg3 80. Rb1 Kf4 {Threatens to win with ...Rb6+.} 81. Rf1+ Kg4 82. Rg1+ Rg3 83. Rd1 {[#]} Rd3 $1 {[%mdl 512]} 84. Rg1+ (84. Rxd3 b1=Q) 84... Kf4 85. Rf1+ Rf3 86. Rd1 {[#]} Rd3 $1 {[%mdl 512]} 87. Rf1+ (87. Rxd3 b1=Q) 87... Ke5 88. Kh7 Rb3 89. h6 b1=Q+ 90. Rxb1 Rxb1 {KR-KP} 91. Kg6 Ke6 {( -> ...Rg1+)} 92. h7 $2 {[%mdl 8192] [#]} (92. Kg7 $11) 92... Rg1+ $1 {Black mates.} 93. Kh6 {[#]} Kf7 $1 94. h8=N+ Kf6 {[%cal Rg1h1]} 95. Kh7 Rg2 {Accuracy: White = 78%, Black = 82%.} 0-1

[Event "Boardwalk Pearson IM 2020"]
[Site "Port Elizabeth"]
[Date "2020.03.14"]
[Round "5.2"]
[White "Oatlhotse, Providence"]
[Black "Cawdery, Daniel"]
[Result "0-1"]
[WhiteElo "2201"]
[BlackElo "2418"]
[Annotator "TA"]
[PlyCount "95"]
[EventDate "2020.03.11"]
[EventType "tourn"]
[EventCountry "RSA"]
[SourceTitle "playchess.com"]
[Source "ChessBase"]
[SourceQuality "1"]

{[%evp 9,95,3,15,14,17,5,14,11,36,7,0,0,43,-51,-24,-60,-15,-113,-115,-97,-100,-143,-143,-129,-109,-144,-147,-141,-145,-145,-143,-141,-148,-191,-191,-194,-185,-193,-182,-285,-285,-288,-246,-276,-189,-199,-213,-342,-344,-343,-331,-377,-375,-358,-346,-1559,-1611,-12834,-12835,-12835,-12835,-12836,-12835,-12837,-12837,-29967,-29968,-29967,-29969,-29969,-29970,-29971,-29973,-29974,-29975,-29974,-29975,-29979,-12847,-12847,-12848,-12848,-12849,-12849,-12850,-29986,-12850,-29989]} 1. c4 e5 2. g3 d5 3. cxd5 Qxd5 4. Nf3 Bg4 5. Bg2 Nc6 $1 6. Nc3 {A20: English Opening: 1...e5.} Qd7 7. O-O O-O-O 8. d3 {[#] The position is equal.} h5 $146 ({Predecessor:} 8... f6 9. a3 Bh3 10. Be3 h5 11. Qa4 Bxg2 12. Kxg2 Kb8 13. Rfc1 Nge7 14. Ne4 Nf5 {0-1 (70) Mochalin,F (2270)-Savchenko,B (2562) Moscow 2019}) 9. h4 f6 10. Bd2 Bc5 11. Qa4 (11. Ne4 $14 Bd4 12. Nxd4 Nxd4 13. f3) 11... Nge7 $15 12. Rac1 Bb6 13. Kh2 (13. Be3 $11 {remains equal.}) 13... Kb8 $17 14. Ne4 Bxf3 15. Bxf3 Nd4 16. Qxd7 Nxf3+ 17. exf3 Rxd7 18. Rc3 Rhd8 19. Kg2 Rxd3 20. Rxd3 Rxd3 21. Bc3 Nd5 22. Re1 Kc8 23. Re2 Kd7 24. Rd2 (24. Bd2 {is a better defense.}) 24... Rxd2 $19 25. Bxd2 {[%mdl 4096] Endgame KBN-KBN} Bd4 26. b3 b5 27. g4 c5 28. gxh5 (28. Kf1 {might work better.}) 28... c4 29. bxc4 bxc4 30. h6 gxh6 31. Bxh6 {[#]} c3 $1 32. Ng3 $2 (32. Kf1 f5 33. Ng3) 32... Nf4+ 33. Bxf4 exf4 {KB-KN} 34. Ne2 c2 35. h5 Ke7 36. h6 Kf7 37. Kf1 Bb2 38. Ke1 c1=Q+ 39. Nxc1 Bxc1 {KB-KP} 40. Ke2 Kg6 41. Kd3 Kxh6 {KB-K3P} 42. Ke4 Kg5 43. a4 Kh4 (43... Bb2 $142 44. Kd3 Kh4 45. Ke4 Be5 46. Kd5 Kh3 47. Ke6 {[#]} Kg2 $1 {[%mdl 576] Double Attack} 48. Kd5 Kxf3 49. Kc4 Kxf2 50. Kc5 f3 51. Kc6 Ke3 52. Kd7 f2 53. Ke8 f1=Q 54. Kf7 Qc4+ 55. Ke7 Qg8 56. a5 Qh7+ 57. Ke8 Bd6 58. Kd8 Qe7+ 59. Kc8 Qc7#) 44. Kf5 Kh3 45. a5 Kg2 {[%mdl 64] Double Attack} 46. Ke4 Kxf2 {( -> ...f5+!)} 47. a6 {[#]} f5+ $1 48. Kd4 {Accuracy: White = 48%, Black = 77%.} (48. Kxf5 Kxf3) 0-1

[Event "Boardwalk Pearson IM 2020"]
[Site "Port Elizabeth"]
[Date "2020.03.14"]
[Round "5.3"]
[White "Kayonde, Andrew"]
[Black "Van Zyl-Rudd, Jack"]
[Result "1/2-1/2"]
[WhiteElo "2366"]
[BlackElo "2277"]
[Annotator "TA"]
[PlyCount "32"]
[EventDate "2020.03.11"]
[EventType "tourn"]
[EventCountry "RSA"]
[SourceTitle "playchess.com"]
[Source "ChessBase"]
[SourceQuality "1"]

{[%evp 20,32,28,21,74,38,63,27,69,56,37,0,0,0,121]} 1. d4 d5 2. Nf3 Nf6 3. e3 e6 4. Nbd2 c5 5. c3 Nbd7 6. Bd3 Bd6 7. O-O O-O 8. Re1 Qc7 9. e4 cxd4 10. cxd4 dxe4 11. Nxe4 Bf4 {[#] D05: Colle System with ...e6.} (11... Be7 $11) 12. Ne5 $146 ({Predecessor:} 12. Qe2 Nd5 13. g3 Bxc1 14. Raxc1 Qb8 15. Neg5 N7f6 16. Ne5 Qd6 17. a3 Bd7 18. Ne4 Nxe4 19. Qxe4 {1-0 (56) Schiendorfer,E (2341)-Grandadam,N (2273) Switzerland 2014}) 12... Bxe5 13. dxe5 Qxe5 14. Nxf6+ Qxf6 15. Re3 {[#] Black must now prevent Bxh7+!} g6 $1 16. Bd2 Nc5 (16... Qxb2 $11 17. Be2 Qd4) 1/2-1/2

[Event "Boardwalk Pearson IM 2020"]
[Site "Port Elizabeth"]
[Date "2020.03.14"]
[Round "6.1"]
[White "Munenga, Douglas D"]
[Black "Oatlhotse, Providence"]
[Result "1-0"]
[WhiteElo "2357"]
[BlackElo "2201"]
[Annotator "TA"]
[PlyCount "73"]
[EventDate "2020.03.11"]
[EventType "tourn"]
[EventCountry "RSA"]
[SourceTitle "playchess.com"]
[Source "ChessBase"]
[SourceQuality "1"]

{[%evp 9,73,13,27,24,5,-13,-8,-10,-5,-5,-5,-16,-3,-30,-29,-37,-23,-23,10,14,13,12,11,0,0,0,0,0,0,0,12,11,8,8,24,27,29,16,60,22,38,23,28,31,132,134,157,139,148,143,168,182,184,173,186,32,862,827,987,985,1021,1015,1015,1014,1014,1010]} 1. e4 c5 2. Nf3 d6 3. Bb5+ Nd7 4. c4 e5 5. Nc3 Ne7 6. d3 {B51: Sicilian: Moscow Variation (3 Bb5+) without 3...Bd7.} Nc6 {[#]} 7. Bxc6 $146 ({Predecessor:} 7. O-O a6 8. Bxc6 bxc6 9. Ne1 Be7 10. f4 exf4 11. Bxf4 O-O 12. Nf3 Nb6 13. Qe1 {½-½ (34) Krayz,A (2359)-Nedobora,M (2360) Israel 2020}) 7... bxc6 8. O-O {The position is equal.} Be7 9. Ne1 Rb8 10. b3 Bf6 11. Bd2 Nf8 {[%cal Bd7f8,Bf8e6,Be6d4][%mdl 32]} 12. Rc1 Ne6 13. Ne2 g6 14. f4 exf4 15. Nxf4 Nd4 16. Nc2 O-O 17. Qe1 Bh4 18. Qe3 Nxc2 19. Rxc2 Bf6 {Threatens to win with ...Bd4.} 20. Bc3 Bxc3 21. Rxc3 Qe7 22. d4 cxd4 23. Qxd4 Bb7 24. Nh5 {[%csl Gh5][%cal Rd4g7,Bf4h5,Bh5g3,Bg3f5][%mdl 32]} f5 25. exf5 {Hoping for Re3.} c5 26. Qg4 Rbe8 (26... Qe5 $1 $14 27. Rd3 Be4) 27. Ng3 $1 $16 Bc8 28. Rcf3 Kh8 29. h3 $1 gxf5 30. Nxf5 Qe5 31. Qh5 {aiming for Re3.} Bb7 {[#]} 32. Rf4 $2 $40 {[%mdl 128] White has some attack.} (32. Re3 $1 $18 {[%cal Re3e5]} Be4 33. Qg5) 32... Re6 $2 {[%mdl 8192] [#] This costs Black the game.} (32... Rg8 $14 33. Rg4 Ref8) 33. Rh4 $1 $18 {[%csl Gh4][%cal Rh5h7] White is clearly winning.} h6 34. Qg5 Rxf5 35. Rxh6+ Rxh6 36. Qxh6+ Kg8 37. Qg6+ {[%mdl 64] Double Attack. Accuracy: White = 83%, Black = 71%.} 1-0

[Event "Boardwalk Pearson IM 2020"]
[Site "Port Elizabeth"]
[Date "2020.03.14"]
[Round "6.2"]
[White "Fernandes, Antonio"]
[Black "Kayonde, Andrew"]
[Result "0-1"]
[WhiteElo "2353"]
[BlackElo "2366"]
[Annotator "TA"]
[PlyCount "124"]
[EventDate "2020.03.11"]
[EventType "tourn"]
[EventCountry "RSA"]
[SourceTitle "playchess.com"]
[Source "ChessBase"]
[SourceQuality "1"]

{[%evp 13,124,0,0,0,0,0,11,0,0,0,-7,0,-4,-51,-43,-55,22,31,72,-16,-21,-2,-3,-3,2,0,0,-14,-22,-10,56,28,18,0,2,24,1,10,20,-64,0,0,0,0,0,0,0,-8,-26,-105,-105,-114,-87,-88,-60,-75,-83,-158,-20,-33,0,-145,-152,-225,-227,-303,-241,-241,-242,-236,-236,-236,-236,-318,-318,-304,-294,-270,-236,-236,-236,-236,-236,-261,-277,-317,-309,-309,-302,-294,-287,-287,-287,-1214,-1164,-1616,-1514,-29945,-12850,-29956,-29961,-29962,-29962,-29968,-29972,-29973,-29974,-29979,-29980,-29981,-29981,-29981,-29982]} 1. e4 c6 2. c4 d5 3. exd5 cxd5 4. cxd5 Nf6 5. Qa4+ Nbd7 6. Nc3 g6 7. Bc4 Bg7 8. Nf3 {B10: Caro-Kann: 2 d3 and 2 c4.} O-O 9. d3 a6 10. Qa3 {The position is equal.} b6 $1 {10...b6 is better than 10...Nb6.} 11. O-O Bb7 12. Re1 Re8 13. Ng5 b5 {[%mdl 1024] Black has compensation.} 14. Bb3 Ng4 (14... Rc8 $1 $15) 15. Qb4 $11 Nge5 16. Rd1 {[#]} (16. Qh4 $1 $16 {[%cal Rh4h7]} h6 17. Nge4 Nxd3 18. Bxh6 Nxe1 19. Rxe1) 16... h6 $146 ({Predecessor:} 16... Nb6 17. Qh4 h6 18. Nge4 g5 19. Qg3 Nxd5 20. Bxd5 Bxd5 21. h4 gxh4 22. Qxh4 e6 {½-½ (47) Degraeve,J (2546)-Eliet,N (2447) Le Touquet 2007}) 17. Nh3 $1 Nf6 {[%cal Rf6d5]} 18. Qh4 g5 (18... Nxd5 $6 19. Bxh6 Nxc3 20. bxc3 $16) 19. Qg3 $1 {[%cal Rg3e5]} b4 (19... Nh5 $5 20. Qe3 $8 Ng6 $15) 20. Ne4 Nh5 $1 $36 {[%cal Rh5g3][%mdl 2048] White is under pressure.} ({Reject} 20... Nxd5 $6 21. f4 $16) 21. Qe3 {Strongly threatening Nhxg5!} Bxd5 ({Better is} 21... a5 $1 $11) 22. Qe2 g4 23. Nf4 Nxf4 24. Bxf4 Bxb3 25. axb3 Qd5 26. Qe3 (26. Ng3 $11) 26... Kh7 (26... Ng6 $1 $15 27. Bxh6 Bxb2) 27. Bxe5 Bxe5 28. d4 Red8 {[%cal Re5d4]} 29. Ng3 $1 Bxg3 30. Qxg3 (30. hxg3 {is more complex.} e6 31. Qf4 Ra7 32. Qxg4 Qxb3 33. Qe4+) 30... Qf5 31. Re1 (31. Qe3 $11) 31... Rxd4 $17 32. Rxe7 {[#]} Rad8 $1 33. Rae1 Rf4 34. h3 gxh3 {White must now prevent ...Rg8.} 35. R1e5 ({White should try} 35. R7e5 Qg4 36. Qxg4 Rxg4 37. g3) 35... Qb1+ (35... Rd1+ $17 36. Kh2 Qg6) 36. Re1 $11 Qf5 {...Rg8 is the strong threat.} 37. Re8 {[#] Black keeps a firm grip on the game.} (37. R1e5 $1 $11 {remains equal.} Rd1+ 38. Kh2) 37... Rxe8 $1 $17 38. Rxe8 {[%csl Ge8][%cal Rg3g8][%mdl 4096] Endgame KQR-KQR} Qg4 39. Kh2 Qxg3+ 40. fxg3 $19 {KR-KR} Rf2 {[%mdl 64] Double Attack} 41. Kxh3 Rxb2 42. Ra8 Ra2 43. g4 Ra3 44. Kh4 Kg7 ({Much less strong is} 44... Rxb3 45. Rxa6 Kg7 46. g5 $19) 45. Ra7 Ra2 46. Kg3 Kf6 47. Kf4 Ra3 (47... Rxg2 48. Rxa6+ Ke7 49. Rb6 $11) 48. Rb7 a5 49. Rb6+ Ke7 50. Ra6 Kd7 (50... Rxb3 $2 51. Rxa5 Rb1 52. Ke3 $17) 51. Ke5 Rxb3 52. Rxa5 Kc6 {aiming for ...Ra3.} 53. Ra6+ $2 (53. Kd4 Rg3 {[%mdl 64] Double Attack} 54. Rc5+ Kd6 55. Rd5+ Ke7 56. Re5+ Kf6 57. Rf5+ Kg6 58. Rf2) 53... Kb5 54. Rxh6 Rg3 55. Rf6 Rxg2 (55... Rxg4 $142 56. Rxf7 Rxg2 57. Kd4 Ka4 58. Ra7+ Kb3 59. Rb7 Rg4+ 60. Kd3 Kb2 61. Rb8 b3 62. Kd2 Ka2 63. Rb7 b2 64. Ra7+ Kb1 65. Ra3 Rd4+ 66. Ke3 Rd1 67. Ra7 Rd5 68. Rb7 Kc2 69. Rc7+ Kb3 70. Rf7 b1=Q 71. Rb7+ Kc2 72. Rxb1 Kxb1 73. Ke4 Rh5 74. Kd4 Kc2 75. Kc4 Kd2 76. Kd4 Ra5 77. Kc4 Ke3 78. Kb4 Rh5 79. Kc4 Re5 80. Kb3 Kd3 81. Kb4 Rf5 82. Kb3 Rf4 83. Kb2 Rb4+ 84. Ka3 Kc3 85. Ka2 Kc2 86. Ka3 Rd4 87. Ka2 Ra4#) 56. Kd4 Rd2+ {Black mates.} 57. Ke3 Rd7 58. g5 b3 {[%cal Bb4b3,Bb3b2][%mdl 32]} 59. g6 fxg6 60. Rxg6 b2 61. Rg8 Rb7 ({Weaker is} 61... Re7+ 62. Kd2 $15) 62. Rg1 Ka4 {Accuracy: White = 56%, Black = 80%.} 0-1

[Event "Boardwalk Pearson IM 2020"]
[Site "Port Elizabeth"]
[Date "2020.03.14"]
[Round "6.3"]
[White "Cawdery, Daniel"]
[Black "Van Zyl-Rudd, Jack"]
[Result "1-0"]
[WhiteElo "2418"]
[BlackElo "2277"]
[Annotator "TA"]
[PlyCount "79"]
[EventDate "2020.03.11"]
[EventType "tourn"]
[EventCountry "RSA"]
[SourceTitle "playchess.com"]
[Source "ChessBase"]
[SourceQuality "1"]

{[%evp 15,79,29,33,14,16,13,6,17,38,22,25,27,15,16,25,17,97,97,97,97,95,95,94,94,94,99,95,99,107,94,95,89,90,89,94,93,94,93,99,94,95,65,133,131,119,124,182,186,217,204,207,206,220,220,460,429,436,433,505,500,537,495,514,436,720,579]} 1. e4 e5 2. Nf3 Nf6 3. Nxe5 d6 4. Nf3 Nxe4 5. d4 d5 6. Bd3 Bf5 7. O-O Be7 8. Re1 O-O 9. Nbd2 $1 {[%cal Rd2e4,Bb1d2,Bd2f1,Bf1g3][%mdl 4] is currently scoring better than 9.c4. C42: Petroff Defence: 3 Nxe5 and unusual White 3rd moves.} Nd6 $1 10. Nf1 Bxd3 11. Qxd3 {The position is equal.} Nd7 12. Ng3 Re8 13. Bf4 Nf6 14. Re2 c6 15. Rae1 Nfe4 {[#]} (15... Bf8 $11 {remains equal.}) 16. Qb3 $1 $16 Qb6 17. Bxd6 $1 ({Much worse is} 17. Nxe4 Nxe4 18. Nd2 Nxd2 $14) 17... Bxd6 18. Nxe4 dxe4 19. Rxe4 Rxe4 20. Rxe4 Qxb3 21. axb3 {[%mdl 4096] Endgame KRB-KRN} a5 22. Re1 f6 23. Ra1 Kf7 24. Kf1 b6 25. Ke2 g5 26. Kd3 Rd8 27. Rd1 Bc7 28. c4 g4 {[#]} (28... h5 $14) 29. Nh4 $1 Be5 30. Nf5 c5 (30... h5 $16 {was necessary.}) 31. d5 $18 Bxb2 32. Nh6+ Kg6 33. Nxg4 Bd4 34. Re1 b5 $2 (34... h5) 35. cxb5 {White is clearly winning.} Rxd5 {Strongly threatening ...Bxf2+.} 36. Kc4 Rd6 37. Ne3 f5 38. Nd5 Bxf2 39. Re7 Bh4 (39... Bg1 $142 40. h3 Bh2) 40. Rc7 {Accuracy: White = 93%, Black = 65%.} 1-0

[Event "Boardwalk Pearson IM 2020"]
[Site "Port Elizabeth"]
[Date "2020.03.15"]
[Round "7.1"]
[White "Cawdery, Daniel"]
[Black "Munenga, Douglas D"]
[Result "1-0"]
[WhiteElo "2418"]
[BlackElo "2357"]
[Annotator "TA"]
[PlyCount "57"]
[EventDate "2020.03.11"]
[EventType "tourn"]
[EventCountry "RSA"]
[SourceTitle "playchess.com"]
[Source "ChessBase"]
[SourceQuality "1"]

{[%evp 17,57,15,10,21,58,50,53,41,61,22,27,25,50,16,30,5,60,79,80,73,197,212,322,237,384,384,655,661,622,615,954,962,978,950,870,902,29987,29988,29988,29989,29989,29990]} 1. e4 e6 2. d4 d5 3. Nd2 {[%cal Bb1d2,Bd2b3,Bb3a5][%mdl 32]} Nc6 4. Ngf3 Nf6 5. e5 Nd7 6. Bb5 a6 7. Bxc6 bxc6 8. Nb3 c5 9. Bg5 Be7 10. Na5 {[#] Threatens to win with Nc6. C04: French Tarrasch: 3...Nc6.} Nb8 ({Avoid the trap} 10... Bxg5 $2 11. Nc6 $18) 11. Bxe7 Qxe7 12. c3 {White is slightly better.} O-O 13. O-O c4 14. b4 {[#]} Qe8 $146 ({Predecessor:} 14... c6 15. Qd2 Ra7 16. Rae1 Rc7 17. Qf4 Nd7 18. Re3 Nb6 19. Nd2 Na4 20. Rb1 Bd7 {1-0 (53) Malac,M (2334)-David,G (2441) ICCF corr 1999}) 15. Qc2 h6 16. Nh4 Nd7 (16... Qd8 $1 $11 17. g3 Nd7) 17. f4 $14 Nb6 18. g4 Qa4 {Loses the game.} (18... Qe7 $16 {might work better.} 19. Nf3 Bd7) 19. Qd2 $18 Qa3 (19... Kh7 $142 20. f5 Rg8) 20. Rac1 Bd7 (20... Kh7 $142 21. g5 Qa4 22. gxh6 g6) 21. f5 f6 $2 (21... exf5 22. gxf5 Kh7) 22. fxe6 Bxe6 23. exf6 Nd7 24. fxg7 Kxg7 25. g5 Rxf1+ 26. Rxf1 {[#] And now Qc2 would win.} h5 27. Qc2 {White mates.} Nf8 28. Nc6 Re8 29. Nf5+ {Accuracy: White = 80%, Black = 28%.} 1-0

[Event "Boardwalk Pearson IM 2020"]
[Site "Port Elizabeth"]
[Date "2020.03.15"]
[Round "7.2"]
[White "Van Zyl-Rudd, Jack"]
[Black "Fernandes, Antonio"]
[Result "0-1"]
[WhiteElo "2277"]
[BlackElo "2353"]
[Annotator "TA"]
[PlyCount "88"]
[EventDate "2020.03.11"]
[EventType "tourn"]
[EventCountry "RSA"]
[SourceTitle "playchess.com"]
[Source "ChessBase"]
[SourceQuality "1"]

{[%evp 22,88,36,35,36,30,36,29,32,29,69,66,95,90,144,97,121,84,79,72,72,99,92,97,158,154,113,147,139,133,137,123,143,137,125,74,69,74,80,56,56,55,52,10,9,0,8,7,9,-219,-223,-211,-197,-194,-195,-195,-195,-189,-178,-4764,-4622,-4391,-1629,-1025,-933,-12844,-12839,-29979,-5111]} 1. d4 Nf6 2. c4 c5 3. d5 e6 4. Nc3 exd5 5. cxd5 d6 6. e4 g6 7. f4 Bg7 8. Bb5+ Nfd7 9. a4 O-O 10. Nf3 Na6 11. O-O Nb4 $1 {The main line 11...Nb4 scores better than 11...Nc7.} 12. Be3 a6 {A67: Modern Benoni: Taimanov Variation.} 13. Be2 Nf6 14. Nd2 Re8 {Threatens to win with ...Nfxd5!White has an edge.} 15. Bf2 Qc7 16. Bg3 {[#]} Rb8 $146 ({Predecessor:} 16... Bd7 17. Bf3 c4 18. e5 Nfxd5 19. Nxd5 Nxd5 20. Nxc4 Qxc4 21. Bxd5 Qb4 22. Ra3 Bc6 23. Bxc6 bxc6 24. Qxd6 Qxb2 {0-1 (92) Toncheva,N (2087)-Liu,Z (2386) Paracin 2019}) 17. f5 Nd7 (17... gxf5 $142 18. Nc4 Bf8) 18. Nc4 {aiming for fxg6.} Ne5 19. Bxe5 Bxe5 20. Nxe5 Rxe5 21. Qd2 Qe7 {[%cal Rg6f5]} 22. Rf3 gxf5 (22... Bd7 $142) 23. Qh6 {Rg3+ would kill now.} Kh8 24. Rg3 {[%csl Gg3][%cal Rh6g7]} f6 {[#]} 25. Rg6 $1 Bd7 {Strongly threatening ...Rf8.} 26. Rxf6 Rg8 27. Rf1 Nc2 28. Bh5 ({Don't do} 28. Rxd6 $6 fxe4 29. Rdf6 Reg5 $14) ({White should try} 28. g3) 28... Qg7 $16 29. Qxg7+ Rxg7 30. Rxd6 Ne3 {[%mdl 64] Double Attack} 31. Rf2 Nc4 32. Rf6 {[%cal Re4f5]} fxe4 33. Rf8+ Rg8 34. Be2 Nxb2 35. Bxa6 $2 (35. d6 $11 {and White stays safe.}) 35... Nxa4 $19 36. Nxa4 bxa6 37. Nxc5 {[#]} e3 $1 {[%cal Re3f2]} 38. Rxg8+ Kxg8 {[%mdl 4096] Endgame KRB-KRN} 39. Rf8+ Kg7 40. Nxd7 $2 (40. Rf1 Bb5 41. Re1) 40... e2 41. Rf7+ Kh6 42. Rf6+ Kg5 43. h4+ Kxh4 44. g3+ Kg5 {Black used his chance. Accuracy: White = 58%, Black = 81%.} (44... Kxg3 $142 45. Rf3+ Kxf3 46. Nxe5+ Ke4 {[%mdl 64] Double Attack} 47. d6 e1=Q+ 48. Kg2 Kxe5 49. d7 Qd2+ 50. Kf1 Qxd7 51. Ke1 Kf4 52. Ke2 a5 53. Kf1 Qd2 54. Kg1 Kg3 55. Kh1 Qh2#) 0-1